Tập san giới thiệu tác giả tác phẩm

সংরক্ষণ করুন:
গ্রন্থ-পঞ্জীর বিবরন
সংস্থা লেখক: Trường Đại học Đồng Tháp Khoa Sư phạm Nghệ thuật
বিন্যাস: গ্রন্থ
প্রকাশিত: Đồng Tháp Đại học Đồng Tháp 2015
বিষয়গুলি:
ট্যাগগুলো: ট্যাগ যুক্ত করুন
কোনো ট্যাগ নেই, প্রথমজন হিসাবে ট্যাগ করুন!
Thư viện lưu trữ: Trung tâm Học liệu Lê Vũ Hùng, Trường Đại học Đồng Tháp
LEADER 00884pam a22003018a 4500
001 00034486
005 20171026081025.0
008 160929s2015 ||||||Viesd
041 0 # |a Vie 
082 1 # |a 700.5  |b T123S 
110 1 # |a Trường Đại học Đồng Tháp  |b Khoa Sư phạm Nghệ thuật 
245 0 0 |a Tập san giới thiệu tác giả tác phẩm 
260 # # |a Đồng Tháp  |b Đại học Đồng Tháp  |c 2015 
300 # # |a 52 tr.  |c 28 cm. 
653 # # |a Hội họa 
653 # # |a Đại học Đồng Tháp 
653 # # |a Âm nhạc 
653 # # |a Tác phẩm 
653 # # |a Tác giả 
852 # # |j KD.0017889 
852 # # |b Kho đọc  |j KD.0017889 
910 # # |d 29/09/2016 
980 # # |a Trung tâm Học liệu Lê Vũ Hùng, Trường Đại học Đồng Tháp